000 01424nam2a2200265 4500
001 RU\NLR\bibl\1161892
005 20250615083031.0
010 _a978-5-8365-1291-1
_9200
021 _aRU
_b2007-73166
_93938
035 _a(NLR Aleph) 001148638
090 _a1463428
_c1463428
100 _a20071130d2007 |||y0rusy50 ca
101 0 _arus
102 _aRU
105 _aac |||||||||
200 1 _aСборник аннотаций научно-технических и тематических обзоров, научных публикаций в научных трудах, отчетах, тезисов докладов на конференциях, конгрессах, научных советах, симпозиумах
_hкн. 3
_i(1996-1999)
210 _d2007
_aБ. м.
215 _a423 с., [1] л. цв. портр.
_cил.
320 _aБиблиогр. в конце ст. и в подстроч. примеч.
461 0 _1001RU\NLR\bibl\1089883
_12001#$aОренбурггазпром$vТ. 2
_91034652
_cМосква
_d2006
_nНедра
_o40 лет, 1968-2008 : страницы истории : в 4 т. : [охранные документы. Научные публикации. Научные исследования]
_tОренбурггазпром
_y978-5-8365-0269-0
_vТ. 2
801 0 _aRU
_bNLR
_c20071130
_gRCR
801 1 _aRU
_bNLR
_c20071130
942 _cBOOK
980 _aNB